Pop Punk Bands - Statistics

General Stats
  • This quiz has been taken 226 times
  • The average score is 11 of 15
Answer Stats
Hint Answer % Correct
What’s my age again? Blink 182
96%
Boulevard of broken dreams Green day
96%
Sk8r Boi Avril Lavigne
93%
Teenagers My Chemical Romance
90%
In too deep Sum 41
90%
Pretty fly (for a white guy) The Offspring
84%
Dear Maria count me in All Time low
83%
Still into you Paramore
79%
Dirty little secret All American rejects
74%
Ocean Avenue Yellowcard
73%
Stacy’s Mom Fountains of Wayne
65%
Girl all the bad guys want Bowling for soup
56%
My friends over you New Found Glory
55%
The River Good Charlotte
51%
Shut up Simple plan
38%
No matching quizzes found
Score Distribution
Percent of People with Each Score
Percentile by Number Answered
Your Score History
You have not taken this quiz